Mexican Cession - Statistics

General Stats
  • This quiz has been taken 355 times
  • The average score is 10 of 10
Answers on the Map
Answers color-coded by a green-red scale on the quiz's map according to % correct below.
 
Answer Stats
State % Correct
California
100%
Texas
100%
Nevada
99%
New Mexico
99%
Arizona
98%
Oklahoma
97%
Utah
97%
Colorado
96%
Kansas
94%
Wyoming
92%
No matching quizzes found
Score Distribution
Percent of People with Each Score
Percentile by Number Answered
Your Score History
You have not taken this quiz